Dispara, yo ya estoy muerto (Registro nro. 8061)
[ vista simple ]
| 000 -Cabecera | |
|---|---|
| Campo de control de longitud fija | 00518nam a22002177a 4500 |
| 005 - Fecha y hora de la última transacción | |
| Campo de control | 20241212135313.0 |
| 008 - Elementos de longitud fija--Información general | |
| Campo de control de longitud fija | 160513b xxu||||| |||| 00| 0 spa d |
| 020 ## - International Standard Book Number | |
| Número Internacional Estándar del Libro (ISBN) | 9788401342202 |
| 041 ## - Idioma | |
| Código de idioma | Español |
| 082 ## - Clasificación Decimal Dewey | |
| Número de clasificación | 863.64 N322d |
| 100 ## - Entrada principal--Autor personal | |
| Nombre personal | Navarro, Julia |
| 9 (RLIN) | 2268 |
| 245 ## - Título propiamente dicho | |
| Título | Dispara, yo ya estoy muerto |
| 260 ## - Pie de imprenta | |
| Lugar de publicación, distribución, etc. | España |
| 260 ## - Pie de imprenta | |
| Nombre del editor, distribuidor, etc. | Plaza Janés |
| 260 ## - Pie de imprenta | |
| Fecha de publicación, distribución, etc. | 2013 |
| 300 ## - Descripción física | |
| Extensión | 905 páginas |
| 650 ## - Materia general | |
| Temática (materia general) | NOVELA ESPAÑOLA |
| 650 ## - Materia general | |
| Temática (materia general) | LITERATURA ESPAÑOLA |
| 650 ## - Materia general | |
| Temática (materia general) | FICCIÓN |
| 942 ## - Punto de acceso adicional KOHA | |
| Tipo de ítem KOHA | Literatura |
| Fuente del sistema de clasificación o colocación | Dewey Decimal Classification |
| Signatura completa | Código de barras | Tipo de ítem |
|---|---|---|
| 863.64 N322d | 20073 | Literatura |